| 000 | 01234nam a22002657a 4500 | ||
|---|---|---|---|
| 003 | OSt | ||
| 005 | 20210310141311.0 | ||
| 008 | 210310b2009 waua|||gr|||| 00| 0 spa d | ||
| 020 | _a9781932946215 | ||
| 040 |
_aCO-JMCR _cCO-JMCR |
||
| 041 | 0 | _aspa | |
| 082 | 0 | 4 |
_a327.12 / _bS974d _223 |
| 100 | 1 |
_aSwenson, Russell G., _eautor _914668 |
|
| 245 | 1 | 0 |
_aDemocratización de la función de inteligencia : _bel nexo de la cultura nacional y la inteligencia estratégica / _cRusell G. Swenson, Susana C. Lemozy |
| 260 |
_aWashington : _bNational Defense Intelligence College, _c2009 |
||
| 300 |
_alxxxix, 457 páginas : _bilustraciones a color ; _c23 cm. |
||
| 500 | _aNotas a pie de pagina. | ||
| 504 | _aReferencias bibliografías páginas vii-ix. | ||
| 505 | 0 | _aDesde una inteligencia militar hacia una inteligencia ampliada -- Desarrollo de la inteligencia y su contratación con la sociedad democrática -- Empresa y misión de inteligencia: reconstruyéndolas dentro de la globalización -- Expresión de la cultura de inteligencia | |
| 650 | 1 | 4 |
_aServicio secreto _914669 |
| 650 | 2 | 4 |
_aDemocratización _92258 |
| 650 | 2 | 4 |
_aSeguridad nacional _914670 |
| 700 | 1 |
_aLemozy, Susana C., _eautora _914671 |
|
| 942 |
_2ddc _cBK |
||
| 999 |
_c7524 _d7524 |
||